Dutch Overseas Territories - Statistics

General Stats
  • This quiz has been taken 145 times
  • The average score is 5 of 6
Answer Stats
Answer % Correct
Aruba
95%
Curaçao
90%
Bonaire
84%
Sint Maarten
83%
Saba
58%
Sint Eustatius
52%
No matching quizzes found
Score Distribution
Percent of People with Each Score
Percentile by Number Answered
Your Score History
You have not taken this quiz